Bonsai Lý thuyết - thực hành
Bewaard in:
| Hoofdauteur: | |
|---|---|
| Formaat: | Boek |
| Taal: | Vietnamese |
| Gepubliceerd in: |
Hà Nội
Thông tin và truyền thông
2013
|
| Onderwerpen: | |
| Tags: |
Voeg label toe
Geen labels, Wees de eerste die dit record labelt!
|
| Thư viện lưu trữ: | Trung tâm Học liệu Lê Vũ Hùng, Trường Đại học Đồng Tháp |
|---|
| LEADER | 00743aam a22002418a 4500 | ||
|---|---|---|---|
| 001 | 00040779 | ||
| 005 | 20180122130132.0 | ||
| 008 | 120403s2007 ||||||viesd | ||
| 020 | # | # | |c 42000 |
| 041 | 0 | # | |a vie |
| 082 | 1 | 4 | |a 635.9 |b B429L |
| 100 | 1 | # | |a Trần, Thị Thúy |e tổng hợp |
| 245 | 1 | 0 | |a Bonsai Lý thuyết - thực hành |c Trần Thị Thúy |
| 260 | # | # | |a Hà Nội |b Thông tin và truyền thông |c 2013 |
| 300 | # | # | |a 175 tr. |c 24 cm. |
| 653 | # | # | |a Bonsai |
| 653 | # | # | |a Kỹ thuật |
| 653 | # | # | |a Trồng trọt |
| 653 | # | # | |a Việt Nam |
| 653 | # | # | |a cây ảnh |
| 852 | # | # | |j KD.0023190 |
| 910 | |d 22/01/2018 | ||
| 980 | # | # | |a Trung tâm Học liệu Lê Vũ Hùng, Trường Đại học Đồng Tháp |